[Event "SportAccord MindGames Final Tournament"]
[Site "playchess.com #044013"]
[Date "2011.10.29"]
[Round "7"]
[White "LAXMAN"]
[Black "Gan-Od_Sereenen"]
[Result "1-0"]
[WhiteElo "2633"]
[BlackElo "2630"]
[PlyCount "155"]
[EventDate "2011.10.29"]
[EventType "tourn (blitz)"]

1. Nf3 {[%emt 0:00:02]} g6 {[%emt 0:00:02]} 2. d4 {[%emt 0:00:02]} Bg7 {[%emt
0:00:00]} 3. Nc3 {[%emt 0:00:00]} d6 {[%emt 0:00:00]} 4. e4 {[%emt 0:00:00]}
Nd7 {[%emt 0:00:00]} 5. Bc4 {[%emt 0:00:02]} e6 {[%emt 0:00:02]} 6. O-O {[%emt
0:00:01]} Ne7 {[%emt 0:00:01]} 7. Re1 {[%emt 0:00:08]} O-O {[%emt 0:00:01]} 8.
h4 {[%emt 0:00:06]} a6 {[%emt 0:00:02]} 9. a4 {[%emt 0:00:01]} Rb8 {[%emt 0:00:
04]} 10. h5 {[%emt 0:00:02]} e5 {[%emt 0:00:05]} 11. hxg6 {[%emt 0:00:07]} hxg6
{[%emt 0:00:01]} 12. Bg5 {[%emt 0:00:03]} Nb6 {[%emt 0:00:14]} 13. Bb3 {[%emt
0:00:07]} exd4 {[%emt 0:00:18]} 14. Nxd4 {[%emt 0:00:04]} a5 {[%emt 0:00:33]}
15. Ndb5 {[%emt 0:00:17]} Be6 {[%emt 0:00:07]} 16. Qf3 {[%emt 0:00:18]} Qd7 {
[%emt 0:00:09]} 17. Bf6 {[%emt 0:00:06]} Bxb3 {[%emt 0:00:05]} 18. cxb3 {[%emt
0:00:01]} Nc6 {[%emt 0:00:00]} 19. Nd5 {[%emt 0:00:13]} Nxd5 {[%emt 0:00:07]}
20. exd5 {[%emt 0:00:00]} Bxf6 {[%emt 0:00:23]} 21. Qxf6 {[%emt 0:00:43]} Ne5 {
[%emt 0:00:07]} 22. Rac1 {[%emt 0:00:11]} Rbc8 {[%emt 0:00:02]} 23. Rc3 {[%emt
0:00:06]} Qd8 {[%emt 0:00:55]} 24. Qxd8 {[%emt 0:00:22]} Rfxd8 {[%emt 0:00:00]}
25. f4 {[%emt 0:00:00]} Ng4 {[%emt 0:00:13]} 26. Nxc7 {[%emt 0:00:20]} Nf6 {
[%emt 0:00:02]} 27. Re7 {[%emt 0:00:12]} Kf8 {[%emt 0:00:07]} 28. Re1 {[%emt 0:
00:17] .} b6 {[%emt 0:00:01]} 29. Rec1 {[%emt 0:00:04]} Kg8 {[%emt 0:00:05]}
30. Nb5 {[%emt 0:00:03]} Rxc3 {[%emt 0:00:01]} 31. bxc3 {[%emt 0:00:02]} Nxd5 {
[%emt 0:00:02]} 32. g3 {[%emt 0:00:00]} Rc8 {[%emt 0:00:07]} 33. Kf2 {[%emt 0:
00:02]} Rc6 {[%emt 0:00:01]} 34. Kf3 {[%emt 0:00:02]} Kg7 {[%emt 0:00:01]} 35.
Ke4 {[%emt 0:00:01]} Nf6+ {[%emt 0:00:01]} 36. Kd4 {[%emt 0:00:01]} Nh5 {[%emt
0:00:01]} 37. Rg1 {[%emt 0:00:02]} f5 {[%emt 0:00:03]} 38. b4 {[%emt 0:00:01]}
Nf6 {[%emt 0:00:02]} 39. Re1 {[%emt 0:00:02]} Ne4 {[%emt 0:00:02]} 40. Re3 {
[%emt 0:00:01]} Kf6 {[%emt 0:00:03]} 41. g4 {[%emt 0:00:01]} Rc8 {[%emt 0:00:
02]} 42. g5+ {[%emt 0:00:01]} Ke6 {[%emt 0:00:02]} 43. Kd3 {[%emt 0:00:06]} Kd5
{[%emt 0:00:02]} 44. Re1 {[%emt 0:00:06]} axb4 {[%emt 0:00:01]} 45. cxb4 {
[%emt 0:00:01]} Rc4 {[%emt 0:00:00]} 46. Rb1 {[%emt 0:00:04]} Nf2+ {[%emt 0:00:
01]} 47. Ke3 {[%emt 0:00:01]} Ng4+ {[%emt 0:00:01]} 48. Kf3 {[%emt 0:00:01]}
Kc6 {[%emt 0:00:04]} 49. Na7+ {[%emt 0:00:02]} Kb7 {[%emt 0:00:01]} 50. Nb5 {
[%emt 0:00:00]} Kc6 {[%emt 0:00:01]} 51. Rd1 {[%emt 0:00:01]} d5 {[%emt 0:00:
02]} 52. Rd4 {[%emt 0:00:03]} Rc1 {[%emt 0:00:03]} 53. Rd2 {[%emt 0:00:02]}
Rf1+ {[%emt 0:00:04]} 54. Kg3 {[%emt 0:00:01]} Rg1+ {[%emt 0:00:02]} 55. Kf3 {
[%emt 0:00:01]} Rf1+ {[%emt 0:00:01]} 56. Kg3 {[%emt 0:00:02]} Rb1 {[%emt 0:00:
02]} 57. Nd4+ {[%emt 0:00:01]} Kd7 {[%emt 0:00:02]} 58. b5 {[%emt 0:00:03]} Ra1
{[%emt 0:00:01]} 59. Nc6 {[%emt 0:00:04]} Ra3+ {[%emt 0:00:01]} 60. Kh4 {[%emt
0:00:03]} Kd6 {[%emt 0:00:01]} 61. Nb4 {[%emt 0:00:02]} Kc5 {[%emt 0:00:10] '}
62. Nxd5 {[%emt 0:00:02]} Rxa4 {[%emt 0:00:00]} 63. Kg3 {[%emt 0:00:04]} Ra3+ {
[%emt 0:00:02]} 64. Kg2 {[%emt 0:00:02]} Ra4 {[%emt 0:00:02]} 65. Kg3 {[%emt 0:
00:03]} Ra3+ {[%emt 0:00:03]} 66. Kh4 {[%emt 0:00:01]} Ra4 {[%emt 0:00:04]} 67.
Ne7 {[%emt 0:00:01]} Rxf4 {[%emt 0:00:01]} 68. Nxg6 {[%emt 0:00:02]} Re4 {
[%emt 0:00:01]} 69. Kh5 {[%emt 0:00:01]} Ne3 {[%emt 0:00:04]} 70. Nf8 {[%emt 0:
00:03]} Nd5 {[%emt 0:00:03]} 71. Nd7+ {[%emt 0:00:02]} Kxb5 {[%emt 0:00:01]}
72. Rxd5+ {[%emt 0:00:01]} Kc6 {[%emt 0:00:01]} 73. Nf6 {[%emt 0:00:00]} Rf4 {
[%emt 0:00:03]} 74. Rd1 {[%emt 0:00:01]} Rf2 {[%emt 0:00:01]} 75. g6 {[%emt 0:
00:01]} f4 {[%emt 0:00:03]} 76. g7 {[%emt 0:00:01]} Rg2 {[%emt 0:00:01]} 77.
Ng4 {[%emt 0:00:01]} Rxg4 {[%emt 0:00:04]} 78. Kxg4 {[%emt 0:00:01]
Gan-Od_Sereenen resigns} 1-0

[Event "SportAccord MindGames Final Tournament"]
[Site "playchess.com #044013"]
[Date "2011.10.29"]
[Round "8"]
[White "Sourisblanche"]
[Black "LAXMAN"]
[Result "1-0"]
[WhiteElo "2669"]
[BlackElo "2650"]
[PlyCount "81"]
[EventDate "2011.10.29"]
[EventType "tourn (blitz)"]

1. e4 {[%emt 0:00:04]} e5 {[%emt 0:00:01]} 2. Nf3 {[%emt 0:00:01]} Nf6 {[%emt
0:00:01]} 3. Nxe5 {[%emt 0:00:08]} d6 {[%emt 0:00:01]} 4. Nf3 {[%emt 0:00:00]}
Nxe4 {[%emt 0:00:01]} 5. d4 {[%emt 0:00:00]} d5 {[%emt 0:00:01]} 6. Bd3 {[%emt
0:00:01]} Be7 {[%emt 0:00:01]} 7. O-O {[%emt 0:00:01]} Nc6 {[%emt 0:00:01]} 8.
Nc3 {[%emt 0:00:01]} Nxc3 {[%emt 0:00:01]} 9. bxc3 {[%emt 0:00:01]} O-O {[%emt
0:00:00]} 10. Bf4 {[%emt 0:00:02]} Bg4 {[%emt 0:00:01]} 11. Re1 {[%emt 0:00:02]
} Re8 {[%emt 0:00:04]} 12. Rb1 {[%emt 0:00:02]} Rb8 {[%emt 0:00:01]} 13. Re3 {
[%emt 0:00:04]} h6 {[%emt 0:00:06]} 14. Qe2 {[%emt 0:00:10]} Qd7 {[%emt 0:00:
11]} 15. Re1 {[%emt 0:00:05]} Bxf3 {[%emt 0:00:17]} 16. Qxf3 {[%emt 0:00:04]}
Rbd8 {[%emt 0:00:13]} 17. h3 {[%emt 0:00:09]} a6 {[%emt 0:00:14]} 18. Bg3 {
[%emt 0:00:29]} g6 {[%emt 0:00:21]} 19. Bf4 {[%emt 0:00:24]} Bg5 {[%emt 0:00:
07]} 20. Bxg5 {[%emt 0:00:08]} hxg5 {[%emt 0:00:01]} 21. Qf6 {[%emt 0:00:07]}
Rxe3 {[%emt 0:00:21]} 22. Rxe3 {[%emt 0:00:02]} Re8 {[%emt 0:00:00]} 23. Qxg5 {
[%emt 0:00:12]} Rxe3 {[%emt 0:00:01]} 24. Qxe3 {[%emt 0:00:02]} Kg7 {[%emt 0:
00:02]} 25. Be2 {[%emt 0:00:10]} Qd6 {[%emt 0:00:02]} 26. Bf3 {[%emt 0:00:03]}
Ne7 {[%emt 0:00:03]} 27. g3 {[%emt 0:00:05]} c6 {[%emt 0:00:02]} 28. Kg2 {
[%emt 0:00:02]} f6 {[%emt 0:00:09]} 29. h4 {[%emt 0:00:05]} Kf7 {[%emt 0:00:03]
} 30. h5 {[%emt 0:00:03]} g5 {[%emt 0:00:01]} 31. Be2 {[%emt 0:00:10]} Qe6 {
[%emt 0:00:17]} 32. Qd3 {[%emt 0:00:17]} f5 {[%emt 0:00:07]} 33. c4 {[%emt 0:
00:03]} g4 {[%emt 0:00:09]} 34. cxd5 {[%emt 0:00:05]} cxd5 {[%emt 0:00:01]} 35.
c4 {[%emt 0:00:03]} Kf6 {[%emt 0:00:03]} 36. Qd2 {[%emt 0:00:04]} Qe4+ {[%emt
0:00:10]} 37. Kh2 {[%emt 0:00:03]} Kf7 {[%emt 0:00:11]} 38. cxd5 {[%emt 0:00:
03]} Nxd5 {[%emt 0:00:03]} 39. Bc4 {[%emt 0:00:01]} b5 {[%emt 0:00:13]} 40. Bb3
{[%emt 0:00:01]} Qf3 {[%emt 0:00:12]} 41. Qe3 {[%emt 0:00:11] LAXMAN resigns}
1-0

[Event "SportAccord MindGames Final Tournament"]
[Site "playchess.com #044013"]
[Date "2011.10.29"]
[Round "8"]
[White "Beca King"]
[Black "Vlad_Artemiev"]
[Result "0-1"]
[WhiteElo "2683"]
[BlackElo "2893"]
[PlyCount "88"]
[EventDate "2011.10.29"]
[EventType "tourn (blitz)"]

1. d4 {[%emt 0:00:02]} d5 {[%emt 0:00:03]} 2. c4 {[%emt 0:00:01]} c6 {[%emt 0:
00:00]} 3. Nf3 {[%emt 0:00:01]} Nf6 {[%emt 0:00:01]} 4. Nc3 {[%emt 0:00:01]} e6
{[%emt 0:00:01]} 5. Bg5 {[%emt 0:00:01]} Nbd7 {[%emt 0:00:01]} 6. e3 {[%emt 0:
00:02]} Qa5 {[%emt 0:00:01]} 7. cxd5 {[%emt 0:00:09]} exd5 {[%emt 0:00:02]} 8.
Bd3 {[%emt 0:00:14]} Be7 {[%emt 0:00:07]} 9. Qc2 {[%emt 0:00:02]} O-O {[%emt 0:
00:02]} 10. O-O {[%emt 0:00:01]} Re8 {[%emt 0:00:02]} 11. h3 {[%emt 0:00:01]}
Nf8 {[%emt 0:00:05]} 12. a3 {[%emt 0:00:01]} Qd8 {[%emt 0:00:02]} 13. b4 {
[%emt 0:00:01]} a6 {[%emt 0:00:04]} 14. Rab1 {[%emt 0:00:02]} N6d7 {[%emt 0:00:
18]} 15. Bf4 {[%emt 0:00:03]} b5 {[%emt 0:00:27]} 16. e4 {[%emt 0:00:09]} Nb6 {
[%emt 0:00:03]} 17. e5 {[%emt 0:00:02]} Nc4 {[%emt 0:00:01]} 18. Bc1 {[%emt 0:
00:21]} a5 {[%emt 0:00:27]} 19. Ne2 {[%emt 0:00:05]} axb4 {[%emt 0:00:03]} 20.
axb4 {[%emt 0:00:00]} g6 {[%emt 0:00:11]} 21. Ng3 {[%emt 0:00:08]} Ne6 {[%emt
0:00:02]} 22. Qc3 {[%emt 0:00:16]} Ng7 {[%emt 0:00:06]} 23. Bh6 {[%emt 0:00:04]
} Be6 {[%emt 0:00:02]} 24. Ra1 {[%emt 0:00:01]} Qd7 {[%emt 0:00:01]} 25. Bg5 {
[%emt 0:00:08]} Bxg5 {[%emt 0:00:09]} 26. Nxg5 {[%emt 0:00:01]} h6 {[%emt 0:00:
02]} 27. Nf3 {[%emt 0:00:07]} Qb7 {[%emt 0:00:07]} 28. Ne2 {[%emt 0:00:11]} Bf5
{[%emt 0:00:09]} 29. Bxf5 {[%emt 0:00:05]} Nxf5 {[%emt 0:00:00]} 30. g4 {[%emt
0:00:01]} Ng7 {[%emt 0:00:02]} 31. Nf4 {[%emt 0:00:04]} Ne6 {[%emt 0:00:08]}
32. Nxe6 {[%emt 0:00:05]} fxe6 {[%emt 0:00:02]} 33. Kg2 {[%emt 0:00:02]} Kg7 {
[%emt 0:00:02]} 34. Qd3 {[%emt 0:00:09]} Qf7 {[%emt 0:00:08]} 35. Kg3 {[%emt 0:
00:06]} Rf8 {[%emt 0:00:02]} 36. Kg2 {[%emt 0:00:12]} Qf4 {[%emt 0:00:10]} 37.
Nh4 {[%emt 0:00:01]} Rxa1 {[%emt 0:00:39]} 38. Qxg6+ {[%emt 0:00:45] .} Kh8 {
[%emt 0:00:01]} 39. Qd3 {[%emt 0:00:29]} Ne3+ {[%emt 0:00:10] '} 40. Qxe3 {
[%emt 0:00:00]} Qxe3 {[%emt 0:00:02]} 41. fxe3 {[%emt 0:00:01]} Rfxf1 {[%emt 0:
00:01]} 42. Ng6+ {[%emt 0:00:00]} Kg7 {[%emt 0:00:01]} 43. Nf4 {[%emt 0:00:00]}
Rxf4 {[%emt 0:00:01]} 44. exf4 {[%emt 0:00:01]} Ra4 {[%emt 0:00:00] Beca King
resigns} 0-1

[Event "SportAccord MindGames Final Tournament"]
[Site "playchess.com #044013"]
[Date "2011.10.29"]
[Round "8"]
[White "Itachi"]
[Black "Gan-Od_Sereenen"]
[Result "1-0"]
[WhiteElo "2630"]
[BlackElo "2613"]
[PlyCount "93"]
[EventDate "2011.10.29"]
[EventType "tourn (blitz)"]

1. e4 {[%emt 0:00:04]} e5 {[%emt 0:00:01]} 2. Nf3 {[%emt 0:00:01]} Nc6 {[%emt
0:00:01]} 3. Bc4 {[%emt 0:00:06]} Nf6 {[%emt 0:00:02]} 4. d4 {[%emt 0:00:01]}
exd4 {[%emt 0:00:01]} 5. e5 {[%emt 0:00:00]} d5 {[%emt 0:00:02]} 6. Bb5 {[%emt
0:00:01]} Nd7 {[%emt 0:00:03]} 7. O-O {[%emt 0:00:06]} Bc5 {[%emt 0:00:04]} 8.
Re1 {[%emt 0:00:03]} O-O {[%emt 0:00:02]} 9. Nbd2 {[%emt 0:00:12]} h6 {[%emt 0:
00:23]} 10. Nb3 {[%emt 0:00:05]} Bb6 {[%emt 0:00:02]} 11. Bxc6 {[%emt 0:00:03]}
bxc6 {[%emt 0:00:00]} 12. Nbxd4 {[%emt 0:00:01]} Bxd4 {[%emt 0:00:00]} 13. Nxd4
{[%emt 0:00:02]} Nb8 {[%emt 0:00:01]} 14. Qf3 {[%emt 0:00:09]} c5 {[%emt 0:00:
04]} 15. Nb3 {[%emt 0:00:12]} c4 {[%emt 0:00:01]} 16. Nc5 {[%emt 0:00:04]} Be6
{[%emt 0:00:05]} 17. Nxe6 {[%emt 0:00:09]} fxe6 {[%emt 0:00:02]} 18. Qg4 {
[%emt 0:00:00]} Qe7 {[%emt 0:00:12]} 19. Bxh6 {[%emt 0:00:02]} Nc6 {[%emt 0:00:
01]} 20. c3 {[%emt 0:00:08]} Rf5 {[%emt 0:00:03]} 21. Bf4 {[%emt 0:00:02]} Raf8
{[%emt 0:00:02]} 22. Bg3 {[%emt 0:00:01]} Rb8 {[%emt 0:00:08]} 23. Re2 {[%emt
0:00:02]} a5 {[%emt 0:00:02]} 24. h4 {[%emt 0:00:07]} Qf7 {[%emt 0:00:02]} 25.
f4 {[%emt 0:00:20]} a4 {[%emt 0:00:06]} 26. a3 {[%emt 0:00:04]} Na5 {[%emt 0:
00:03]} 27. Rf1 {[%emt 0:00:03]} Nb3 {[%emt 0:00:02]} 28. Be1 {[%emt 0:00:27]}
Nc5 {[%emt 0:00:04]} 29. Qf3 {[%emt 0:00:09]} Nd3 {[%emt 0:00:03]} 30. Bd2 {
[%emt 0:00:02]} Qe7 {[%emt 0:00:55]} 31. g4 {[%emt 0:00:06]} Rff8 {[%emt 0:00:
02]} 32. f5 {[%emt 0:00:03]} Rxb2 {[%emt 0:00:29]} 33. f6 {[%emt 0:00:15]} Qf7
{[%emt 0:00:08]} 34. h5 {[%emt 0:00:01]} g6 {[%emt 0:00:36]} 35. Bh6 {[%emt 0:
00:32] .} Rxe2 {[%emt 0:00:02]} 36. Qxe2 {[%emt 0:00:02]} Rb8 {[%emt 0:00:05]}
37. hxg6 {[%emt 0:00:05]} Qxg6 {[%emt 0:00:02]} 38. f7+ {[%emt 0:00:01]} Kh7 {
[%emt 0:00:02]} 39. f8=Q {[%emt 0:00:02]} Rxf8 {[%emt 0:00:02]} 40. Bxf8 {
[%emt 0:00:01] Gan-Od_Sereenen offers a draw} c5 {[%emt 0:00:09]} 41. Be7 {
[%emt 0:00:03]} Qg7 {[%emt 0:00:03]} 42. Bf6 {[%emt 0:00:03]} Qg6 {[%emt 0:00:
01]} 43. Qh2+ {[%emt 0:00:01]} Kg8 {[%emt 0:00:01]} 44. Qh8+ {[%emt 0:00:01]}
Kf7 {[%emt 0:00:01]} 45. Bg5+ {[%emt 0:00:01]} Nf2 {[%emt 0:00:03]
Gan-Od_Sereenen offers a draw} 46. Rxf2+ {[%emt 0:00:01]} Qf5 {[%emt 0:00:01]}
47. gxf5 {[%emt 0:00:01] Gan-Od_Sereenen resigns} 1-0

[Event "SportAccord MindGames Final Tournament"]
[Site "playchess.com #044013"]
[Date "2011.10.29"]
[Round "8"]
[White "Crg"]
[Black "Munkhgal"]
[Result "0-1"]
[WhiteElo "2563"]
[BlackElo "2452"]
[PlyCount "142"]
[EventDate "2011.10.29"]
[EventType "tourn (blitz)"]

1. d4 {[%emt 0:00:01]} Nf6 {[%emt 0:00:02]} 2. c4 {[%emt 0:00:02]} e6 {[%emt 0:
00:01]} 3. Nc3 {[%emt 0:00:01]} d5 {[%emt 0:00:00]} 4. cxd5 {[%emt 0:00:03]}
exd5 {[%emt 0:00:00]} 5. Qc2 {[%emt 0:00:01]} Bb4 {[%emt 0:00:01]} 6. Bg5 {
[%emt 0:00:03]} O-O {[%emt 0:00:02]} 7. e3 {[%emt 0:00:05]} c5 {[%emt 0:00:01]}
8. Nf3 {[%emt 0:00:02]} h6 {[%emt 0:00:05]} 9. Bh4 {[%emt 0:00:02]} Nc6 {[%emt
0:00:14]} 10. a3 {[%emt 0:00:01]} Bxc3+ {[%emt 0:00:13]} 11. bxc3 {[%emt 0:00:
00]} g5 {[%emt 0:00:04]} 12. Bg3 {[%emt 0:00:11]} Ne4 {[%emt 0:00:01]} 13. Bd3
{[%emt 0:00:01]} Bf5 {[%emt 0:00:02]} 14. O-O {[%emt 0:00:03]} c4 {[%emt 0:00:
10]} 15. Bxe4 {[%emt 0:00:07]} Bxe4 {[%emt 0:00:00]} 16. Qb2 {[%emt 0:00:01]}
Qb6 {[%emt 0:00:01]} 17. Ra2 {[%emt 0:00:06]} f6 {[%emt 0:00:18]} 18. Nd2 {
[%emt 0:00:02]} Bd3 {[%emt 0:00:02]} 19. Re1 {[%emt 0:00:03]} f5 {[%emt 0:00:
08]} 20. Bd6 {[%emt 0:00:03]} Rf6 {[%emt 0:00:05]} 21. Bc5 {[%emt 0:00:08]}
Qxb2 {[%emt 0:00:01]} 22. Rxb2 {[%emt 0:00:01]} b6 {[%emt 0:00:01]} 23. Bb4 {
[%emt 0:00:25]} a5 {[%emt 0:00:02]} 24. Bc5 {[%emt 0:00:00]} bxc5 {[%emt 0:00:
02]} 25. dxc5 {[%emt 0:00:00]} Rb8 {[%emt 0:00:03]} 26. Rxb8+ {[%emt 0:00:02]}
Nxb8 {[%emt 0:00:00]} 27. Nf3 {[%emt 0:00:01]} Na6 {[%emt 0:00:03]} 28. Nd4 {
[%emt 0:00:07]} Nxc5 {[%emt 0:00:01]} 29. f4 {[%emt 0:00:00]} gxf4 {[%emt 0:00:
06]} 30. exf4 {[%emt 0:00:02]} Ne4 {[%emt 0:00:01]} 31. Re3 {[%emt 0:00:02]}
Rb6 {[%emt 0:00:09]} 32. h3 {[%emt 0:00:04]} Nxc3 {[%emt 0:00:05]} 33. Kh2 {
[%emt 0:00:01]} Ne4 {[%emt 0:00:03]} 34. Nxf5 {[%emt 0:00:01]} Rf6 {[%emt 0:00:
05]} 35. Ne7+ {[%emt 0:00:02]} Kf7 {[%emt 0:00:11]} 36. Nxd5 {[%emt 0:00:00]}
Rf5 {[%emt 0:00:02]} 37. Nb6 {[%emt 0:00:10]} Rxf4 {[%emt 0:00:03]} 38. Nd7 {
[%emt 0:00:01]} Rf5 {[%emt 0:00:04]} 39. Nb6 {[%emt 0:00:04]} Rc5 {[%emt 0:00:
04]} 40. Na4 {[%emt 0:00:01]} Rc6 {[%emt 0:00:04]} 41. Nb2 {[%emt 0:00:04]} Nc5
{[%emt 0:00:20]} 42. Re5 {[%emt 0:00:06]} Kf6 {[%emt 0:00:03]} 43. Re1 {[%emt
0:00:06]} c3 {[%emt 0:00:04]} 44. Nd1 {[%emt 0:00:01]} Ne4 {[%emt 0:00:10]} 45.
Ne3 {[%emt 0:00:01]} c2 {[%emt 0:00:03]} 46. Ng4+ {[%emt 0:00:11]} Ke6 {[%emt
0:00:28]} 47. Rc1 {[%emt 0:00:04]} Nd2 {[%emt 0:00:07]} 48. Nf2 {[%emt 0:00:01]
} Bg6 {[%emt 0:00:05]} 49. h4 {[%emt 0:00:14]} Nb3 {[%emt 0:00:02]} 50. Re1+ {
[%emt 0:00:00]} Kf7 {[%emt 0:00:01]} 51. Ng4 {[%emt 0:00:02]} c1=Q {[%emt 0:00:
05]} 52. Ne5+ {[%emt 0:00:02]} Kg7 {[%emt 0:00:01]} 53. Rxc1 {[%emt 0:00:05]}
Rxc1 {[%emt 0:00:00]} 54. Nd7 {[%emt 0:00:07]} Rc2 {[%emt 0:00:05]} 55. Kg3 {
[%emt 0:00:03]} Be4 {[%emt 0:00:01]} 56. Kf4 {[%emt 0:00:02]} Bxg2 {[%emt 0:00:
01]} 57. Nb6 {[%emt 0:00:02]} Nc5 {[%emt 0:00:03]} 58. Ke5 {[%emt 0:00:03]} Ra2
{[%emt 0:00:01]} 59. Nc4 {[%emt 0:00:02]} a4 {[%emt 0:00:06]} 60. Kd4 {[%emt 0:
00:02]} Bf1 {[%emt 0:00:02]} 61. Ne3 {[%emt 0:00:04]} Rxa3 {[%emt 0:00:04]} 62.
Nxf1 {[%emt 0:00:01]} Ne6+ {[%emt 0:00:04]} 63. Kc4 {[%emt 0:00:02]} Ra1 {
[%emt 0:00:01]} 64. Ne3 {[%emt 0:00:01]} a3 {[%emt 0:00:01]} 65. Kb3 {[%emt 0:
00:01]} Re1 {[%emt 0:00:04]} 66. Nf5+ {[%emt 0:00:02]} Kg6 {[%emt 0:00:01]} 67.
Ne7+ {[%emt 0:00:01]} Kh5 {[%emt 0:00:01]} 68. Kxa3 {[%emt 0:00:03]} Kxh4 {
[%emt 0:00:01]} 69. Nd5 {[%emt 0:00:02]} Kg3 {[%emt 0:00:02]} 70. Nf6 {[%emt 0:
00:00]} Nf4 {[%emt 0:00:02]} 71. Kb3 {[%emt 0:00:02]} h5 {[%emt 0:00:02] Crg
resigns} 0-1

[Event "SportAccord MindGames Final Tournament"]
[Site "playchess.com #044013"]
[Date "2011.10.29"]
[Round "8"]
[White "FCChelsea"]
[Black "DirtyJoker"]
[Result "1/2-1/2"]
[WhiteElo "2511"]
[BlackElo "2606"]
[PlyCount "113"]
[EventDate "2011.10.29"]
[EventType "tourn (blitz)"]

1. Nf3 {[%emt 0:00:03]} Nf6 {[%emt 0:00:01]} 2. c4 {[%emt 0:00:03]} c6 {[%emt
0:00:02]} 3. d4 {[%emt 0:00:02]} d5 {[%emt 0:00:01]} 4. Qb3 {[%emt 0:00:01]}
dxc4 {[%emt 0:00:01]} 5. Qxc4 {[%emt 0:00:01]} Bg4 {[%emt 0:00:00]} 6. Ne5 {
[%emt 0:00:05]} Bh5 {[%emt 0:00:04]} 7. g3 {[%emt 0:00:03]} Nbd7 {[%emt 0:00:
09]} 8. Nxd7 {[%emt 0:00:04]} Qxd7 {[%emt 0:00:01]} 9. Bg2 {[%emt 0:00:01]} e6
{[%emt 0:00:14]} 10. O-O {[%emt 0:00:04]} Be7 {[%emt 0:00:02]} 11. Nc3 {[%emt
0:00:01]} O-O {[%emt 0:00:01]} 12. e4 {[%emt 0:00:01]} Rfd8 {[%emt 0:00:07]}
13. Qb3 {[%emt 0:00:36]} h6 {[%emt 0:00:37]} 14. h3 {[%emt 0:00:02]} c5 {[%emt
0:00:18]} 15. e5 {[%emt 0:00:15]} Nd5 {[%emt 0:00:07]} 16. dxc5 {[%emt 0:00:11]
} Bxc5 {[%emt 0:00:07]} 17. Nxd5 {[%emt 0:00:10]} exd5 {[%emt 0:00:01]} 18. g4
{[%emt 0:00:01]} Bg6 {[%emt 0:00:01]} 19. Rd1 {[%emt 0:00:01]} Qe6 {[%emt 0:00:
08]} 20. Bf4 {[%emt 0:00:08]} Be4 {[%emt 0:00:06]} 21. Bxe4 {[%emt 0:00:16]}
dxe4 {[%emt 0:00:01]} 22. Qxb7 {[%emt 0:00:01]} h5 {[%emt 0:00:21]} 23. Qxe4 {
[%emt 0:00:10]} hxg4 {[%emt 0:00:01]} 24. Bg3 {[%emt 0:00:21]} gxh3 {[%emt 0:
00:05]} 25. b4 {[%emt 0:00:02]} Bb6 {[%emt 0:00:08]} 26. a4 {[%emt 0:00:03]}
Qb3 {[%emt 0:00:05]} 27. Qg4 {[%emt 0:00:31]} Rxd1+ {[%emt 0:00:20]} 28. Rxd1 {
[%emt 0:00:02]} Qxa4 {[%emt 0:00:01]} 29. e6 {[%emt 0:00:01]} Qb3 {[%emt 0:00:
10]} 30. exf7+ {[%emt 0:00:05]} Qxf7 {[%emt 0:00:01]} 31. Rd7 {[%emt 0:00:02]}
Qf6 {[%emt 0:00:14]} 32. Qxh3 {[%emt 0:00:08]} Rf8 {[%emt 0:00:02]} 33. Qg2 {
[%emt 0:00:02]} Qa1+ {[%emt 0:00:03]} 34. Kh2 {[%emt 0:00:04]} Qf6 {[%emt 0:00:
07]} 35. Qd5+ {[%emt 0:00:04]} Kh7 {[%emt 0:00:05]} 36. Qh5+ {[%emt 0:00:03]}
Kg8 {[%emt 0:00:03]} 37. Qd5+ {[%emt 0:00:04]} Rf7 {[%emt 0:00:03]} 38. b5 {
[%emt 0:00:10]} g6 {[%emt 0:00:07]} 39. Kg2 {[%emt 0:00:05]} Kf8 {[%emt 0:00:
03]} 40. Bd6+ {[%emt 0:00:04]} Kg8 {[%emt 0:00:03]} 41. Bg3 {[%emt 0:00:01]}
Kf8 {[%emt 0:00:01]} 42. Rd6 {[%emt 0:00:05]} Qf5 {[%emt 0:00:04]} 43. Qxf5 {
[%emt 0:00:05]} Rxf5 {[%emt 0:00:02]} 44. Rxg6 {[%emt 0:00:01]} Rxb5 {[%emt 0:
00:01]} 45. f4 {[%emt 0:00:01]} Rb2+ {[%emt 0:00:01]} 46. Kf3 {[%emt 0:00:01]}
a5 {[%emt 0:00:01]} 47. Rc6 {[%emt 0:00:02]} a4 {[%emt 0:00:02]} 48. Rc8+ {
[%emt 0:00:01]} Kf7 {[%emt 0:00:02]} 49. Ra8 {[%emt 0:00:00]} Rb3+ {[%emt 0:00:
03]} 50. Kg4 {[%emt 0:00:01]} a3 {[%emt 0:00:01]} 51. f5 {[%emt 0:00:01]} Bc5 {
[%emt 0:00:02]} 52. Be5 {[%emt 0:00:03]} Rb7 {[%emt 0:00:03]} 53. Kg5 {[%emt 0:
00:03]} Be7+ {[%emt 0:00:01]} 54. f6 {[%emt 0:00:01]} Bxf6+ {[%emt 0:00:03]}
55. Bxf6 {[%emt 0:00:01]} Rb5+ {[%emt 0:00:01]} 56. Kf4 {[%emt 0:00:01]} Kxf6 {
[%emt 0:00:01]} 57. Rxa3 {[%emt 0:00:01] DirtyJoker offers a draw FCChelsea
offers a draw Arbiter Decision (Draw by material)} 1/2-1/2